000 00440nam a2200157Ia 4500
008 150610s9999 xx 000 0 und d
020 _a0 590434519
050 _aPZ7
_b .L2717Fl 1980 
100 _aLangton, Jane, 1922-
245 4 _aThe fledgling /
_cJane Langton.
260 _aNew York :
_bScholastic,
_c1980.
300 _a182pages ;
_c20 cm.
520 _aFiction.
650 _aCanada goose
_xFiction.
650 _aGeese
_xFiction.
999 _c287918
_d287918